000 00630nam a2200229 i 4500
001 C2-0004553
003 PPAK
005 20190630221822.0
008 970121s1995 my a|||| ||||| | may d
040 _aPPAK
_beng
_cPPAK
_erda
082 0 4 _a959.5115
_223
090 0 0 _a959.5115
_bAME
_dK
100 0 _aAmer Haji Matsom,
_eauthor
245 1 0 _aPerang saudara di Kelang
264 1 _aKuala Lumpur :
_bPenerbit Orkid ,
_c1995
300 _a64 pages :
_billustrations ;
_c18 cm
336 _2rdacontent
_atext
337 _2rdamedia
_aunmediated
338 _2rdacarrier
_avolume
650 1 0 _aSelangor - History
942 _ddc
_cB
999 _c1130
_d1130